Album humoristischer bausschatz (Record no. 7205)

MARC details
000 -CABECERA
campo de control de longitud fija 00649nam a2200229 a 4500
001 - NÚMERO DE CONTROL
campo de control BRCA_7531
005 - FECHA Y HORA DE LA ÚLTIMA TRANSACCIÓN
campo de control 20190320205856.0
008 - DATOS DE LONGITUD FIJA--INFORMACIÓN GENERAL
campo de control de longitud fija 160513s1905----gw-c######---#000-0#ger-#
041 ## - CÓDIGO DE LENGUA
Código de lengua del texto/banda sonora o título independiente ger
044 ## - CÓDIGO DEL PAÍS DE LA ENTIDAD EDITORA/PRODUCTORA
Código MARC del país gw
050 #4 - SIGNATURA TOPOGRÁFICA DE LA BIBLIOTECA DEL CONGRESO
Número de clasificación NC1509
Número de documento/Ítem .W5 1905
100 1# - ENTRADA PRINCIPAL--NOMBRE DE PERSONA
Nombre de persona Busch, Wilhelm
9 (RLIN) 18280
245 10 - MENCIÓN DE TÍTULO
Título Album humoristischer bausschatz
Resto del título sammlung der beliebesten schristen
Mención de responsabilidad, etc. Wilhelm Busch.
260 ## - PUBLICACIÓN, DISTRIBUCIÓN, ETC.
Lugar de publicación, distribución, etc. Múnich
Nombre del editor, distribuidor, etc. F. Bassermann
Fecha de publicación, distribución, etc. 1905
300 ## - DESCRIPCIÓN FÍSICA
Extensión vii, 358 p.
Otras características físicas il., retratos
Dimensiones 32 cm.
500 ## - NOTA GENERAL
Nota general Edición con cantos dorados
500 ## - NOTA GENERAL
Nota general Ver también R90 e Y98
500 ## - NOTA GENERAL
Nota general R89
650 14 - PUNTO DE ACCESO ADICIONAL DE MATERIA--TÉRMINO DE MATERIA
Término de materia o nombre geográfico como elemento de entrada Humorismo alemán
9 (RLIN) 6123
902 ## - CATALOGADOR
Iniciales GFM
942 ## - ELEMENTOS DE PUNTO DE ACCESO ADICIONAL (KOHA)
Fuente del sistema de clasificación o colocación Library of Congress Classification
Tipo de ítem Koha Libros
Holdings
Estado de retiro Estado de pérdida Estado dañado No para préstamo Localización permanente Ubicación/localización actual Fecha de adquisición Número de inventario Total de préstamos Signatura topográfica completa Código de barras Fecha visto por última vez Precio válido a partir de Tipo de ítem Koha
El ejemplar forma parte de la colección y puede ser consultado según las políticas vigentes.       Biblioteca del Museo Franz Mayer (Rogerio Casas-Alatriste) Biblioteca del Museo Franz Mayer (Rogerio Casas-Alatriste) 16/05/2013 R89   NC1509 .W5 1905 (R89) 8136 22/03/2019 22/03/2019 Libros